00331nam a2200133Ia 450000500170000000800410001705000250005824500500008326000220013330000210015544000060017652100070018252600080018920140404084013.0140130s9999 xx 000 0 und d aPZ 7b.P61464Br 2000 cPierce, TamoraaCircle of magic: Briar's book bScholastic,c1999 a258 p. :c22 cm. v1 aG7 c730